Fundamental accounting principles / (Record no. 17567)

MARC details
000 -LEADER
fixed length control field 00861nac a22002655a 4500
005 - DATE AND TIME OF LATEST TRANSACTION
control field 20171129115232.0
008 - FIXED-LENGTH DATA ELEMENTS--GENERAL INFORMATION
fixed length control field 081216t2012 nyua frd 001 0 eng d
020 ## - INTERNATIONAL STANDARD BOOK NUMBER
International Standard Book Number 0072713950X
020 ## - INTERNATIONAL STANDARD BOOK NUMBER
International Standard Book Number 9780077139506
040 ## - CATALOGING SOURCE
Original cataloging agency EG-ScBUE
Language of cataloging eng
Transcribing agency EG-ScBUE
Modifying agency EG-ScBUE
082 04 - DEWEY DECIMAL CLASSIFICATION NUMBER
Classification number 657
Item number FUN
Edition number 22
245 00 - TITLE STATEMENT
Title Fundamental accounting principles /
Statement of responsibility, etc John J. Wild ... [et al.]
250 ## - EDITION STATEMENT
Edition statement 20th ed., Middle east ed.
260 ## - PUBLICATION, DISTRIBUTION, ETC. (IMPRINT)
Place of publication, distribution, etc New York :
Name of publisher, distributor, etc McGraw-Hill Higher Education,
Date of publication, distribution, etc c.2012.
300 ## - PHYSICAL DESCRIPTION
Extent 1 v. (various pagings) :
Other physical details ill. (col.) ;
Dimensions 28 cm.
500 ## - GENERAL NOTE
General note Includes index.
500 ## - GENERAL NOTE
General note Includes glossary.
500 ## - GENERAL NOTE
General note Includes appendix.
650 #7 - SUBJECT ADDED ENTRY--TOPICAL TERM
Topical term or geographic name as entry element Accounting.
9 (RLIN) 9036
Source of heading or term BUEsh
651 ## - SUBJECT ADDED ENTRY--GEOGRAPHIC NAME
Source of heading or term BUEsh
653 ## - INDEX TERM--UNCONTROLLED
Arrived date list August2015
Resource For college BAEPS, Business Administration
653 ## - INDEX TERM--UNCONTROLLED
Arrived date list September2017
-- November2017
Resource For college Generalities
700 1# - ADDED ENTRY--PERSONAL NAME
Personal name Wild, John J.,
9 (RLIN) 4506
942 ## - ADDED ENTRY ELEMENTS (KOHA)
Item type Book - Borrowing
Call number prefix 657 FUN
Source of classification or shelving scheme Dewey Decimal Classification
Holdings
Withdrawn status Item status Source of classification or shelving scheme Materials specified (bound volume or other part) Damaged status Not for loan Vendor Home library Current library Shelving location Date acquired Source of acquisition Total Checkouts Total Renewals Full call number Barcode Date last seen Date last borrowed Koha item type Checked out
    Dewey Decimal Classification BOX04 Damaged   Baccah Central Library Central Library First floor 29/09/2013 Purchase 3 14 657 FUN 000029072 23/08/2016 08/03/2016 Book - Borrowing  
    Dewey Decimal Classification BOX01 Damaged   Baccah Central Library Central Library First floor 29/09/2013   23 21 657 FUN 000029073 24/08/2016 12/11/2015 Book - Borrowing  
    Dewey Decimal Classification BOX04 Damaged   Baccah Central Library Central Library First floor 29/09/2013 Purchase 22 31 657 FUN 000029074 24/08/2016 05/11/2015 Book - Borrowing  
    Dewey Decimal Classification       Baccah Central Library Central Library First floor 29/09/2013 Purchase 37 55 657 FUN 000041232 15/07/2025 01/10/2019 Book - Borrowing  
  Lost & Replaced Dewey Decimal Classification       Baccah Central Library Central Library First floor 25/11/2013 Purchase 8 57 657 FUN 000035120 19/10/2015 01/04/2015 Book - Borrowing  
    Dewey Decimal Classification BOX02 Damaged   Baccah Central Library Central Library First floor 26/01/2014 Purchase 11 28 657 FUN 000035495 07/09/2017 09/12/2015 Book - Borrowing  
  Lost Dewey Decimal Classification Lost In Inventory_2018-08-12     Baccah Central Library Central Library First floor 26/01/2014   4 11 657 FUN 000035496 21/05/2014 07/05/2014 Book - Borrowing  
    Dewey Decimal Classification       Baccah Central Library Central Library First floor 26/01/2014   4 14 657 FUN 000035497 14/09/2014 14/09/2014 Book - Borrowing 23/12/2023
    Dewey Decimal Classification BOX04 Damaged   Baccah Central Library Central Library First floor 19/03/2014 Purchase 34 28 657 FUN 000035116 24/08/2016 08/02/2016 Book - Borrowing  
    Dewey Decimal Classification BOX07 Damaged   Baccah Central Library Central Library First floor 19/03/2014   1 5 657 FUN 000028725 13/01/2020 10/09/2014 NB - Book (Non borrowing)  
    Dewey Decimal Classification         Central Library Central Library First floor 19/10/2015 Purchase 33 36 657 FUN 000043713 15/07/2025 08/11/2021 Book - Borrowing  
    Dewey Decimal Classification       Baccah Central Library Central Library First floor 28/09/2017 Purchase 12 82 657 FUN 000046566 15/07/2025 14/12/2021 Book - Borrowing  
    Dewey Decimal Classification BOX01 Damaged     Central Library Central Library First floor 29/11/2017   9 13 657 FUN 000042590 11/11/2018 06/11/2018 Book - Borrowing